Most Popular Baby Boy Names in Scotland by Council Area - Statistics

General Stats
  • This quiz has been taken 66 times
    45 since last reset
  • The average score is 17 of 32
Answer Stats
Council area Name % Correct
Aberdeenshire James
88%
Comhairle nan Eilean Siar James
88%
Shetland James
88%
Aberdeen Noah
79%
Falkirk Noah
79%
Renfrewshire Noah
79%
Stirling Noah
79%
Angus Oliver
74%
West Lothian Oliver
74%
Edinburgh Leo
62%
Midlothian Leo
62%
West Dunbartonshire Leo
62%
East Dunbartonshire Alexander
59%
East Ayrshire Luca
44%
Inverclyde Luca
44%
North Lanarkshire Luca
44%
South Lanarkshire Luca
44%
East Lothian Harris
41%
Perth and Kinross Harris
41%
Borders Harris
41%
South Ayrshire Harris
41%
Dundee Muhammad
41%
Glasgow Muhammad
41%
North Ayrshire Alfie
38%
Dumfries and Galloway Finlay
38%
Moray Finn
32%
East Renfrewshire Rory
32%
Argyll and Bute Archie
26%
Clackmannanshire Archie
26%
Highland Archie
26%
Orkney Archie
26%
Fife Brodie
12%
No matching quizzes found
Score Distribution
Percent of People with Each Score
Percentile by Number Answered
Your Score History
You have not taken this quiz since the last reset